Logo BPK

Biblioteka

Politechniki Koszalińskiej

Dictionnaire technique illustre en six langues. (Rekord nr 19658)

Szczegóły MARC
000 -ETYKIETA REKORDU
podpole kontrolne o stałej długości 00375nam a2200133 i 4500
001 - NUMER KONTROLNY REKORDU
pole kontrolne bg
040 ## - ŹRÓDŁO KATALOGOWANIA
Instytucja, która utworzyła rekord BPK
041 ## - KOD JĘZYKA
Kod języka tekstu pol
080 ## - UNIWERSALNA KLASYFIKACJA DZIESIĘTNA - UKD
UKD 62(03)=00
008 - POLE O STAŁEJ DŁUGOŚCI - DANE KONTROLNE
podpole kontrolne o stałej długości s pl f |000 0 pol
245 #0 - TYTUŁ/ODPOWIEDZIALNOŚĆ
Tytuł Dictionnaire technique illustre en six langues.
Oznaczenie części/sekcji dzieła Ch. 4,
Tytuł części/sekcji dzieła Procedes et materiel d'execution des ouvragee - planches.
260 ## - STREFA ADRESU WYDAWNICZEGO
Miejsce wydania Bruxelles,
Data publikacji, dystrybucji/powstania dokumentu [1959].
942 ## - DODATKOWE ELEMENTY (KOHA)
Typ dokumentu Książka
Egzemplarze
Wycofany Status egzemplarza Uszkodzony Dostępność Lokalizacja stała Lokalizacja bieżąca Miejsce przechowywania Sygnatura Kod kreskowy Typ dokumentu
      Dostępny Biblioteka Politechniki Koszalińskiej Biblioteka Politechniki Koszalińskiej Wypożyczalnia BG 27680 01655414 Książka
© 2023 Biblioteka Politechniki Koszalińskiej :: KOHA